000 00323nam a22001337a 4500
003 OSt
005 20260316114942.0
008 260316b |||||||| |||| 00| 0 eng d
040 _c
082 _a620.76
_bTRI
245 _aGATE Mechanical Engineering
_cTrishnas
260 _bPearson
_c2025
942 _2ddc
_cBK
_k620.76
_mTRI
_n0
999 _c36335
_d36335